Yokohama Wards Map Quiz - Statistics

General Stats
  • This quiz has been taken 259 times
    258 since last reset
  • The average score is 12 of 18
Answers on the Map
Answers color-coded by a green-red scale on the quiz's map according to % correct below.
 
Answer Stats
Answer % Correct
Minami
86%
Naka
82%
Nishi
82%
Kanagawa
74%
Aoba
71%
Kanazawa
71%
Konan
69%
Midori
69%
Hodogaya
67%
Tsurumi
65%
Isogo
63%
Kohoku
63%
Totsuka
63%
Seya
57%
Asahi
50%
Tsuzuki
50%
Izumi
45%
Sakae
45%
No matching quizzes found
Score Distribution
Percent of People with Each Score
Percentile by Number Answered
Your Score History
You have not taken this quiz since the last reset